|
|
|
|
| LEADER |
00000cam a2200000 a 4500 |
| 001 |
vtls008393151 |
| 003 |
SK-MaSNL |
| 005 |
20260301140259.0 |
| 008 |
230403s1949 xo 000 p slo |
| 015 |
|
|
|a SNBA19451955-009952
|
| 035 |
|
|
|a SK01SNKBKSFS20010085368
|
| 035 |
|
|
|a urn:nbn:sk:snk-am3hwxo
|
| 035 |
|
|
|a 59DCB5E4-5AF1-4A59-9228-BFBF55C47085
|
| 035 |
|
|
|a urn:nbn:sk:snk-am00dbwq
|
| 035 |
|
|
|a SKM000087831
|
| 040 |
|
|
|a SNK
|b slo
|c SNK
|e AACR2
|
| 041 |
1 |
|
|a slo
|h rus
|
| 044 |
|
|
|a xo
|c SK
|
| 080 |
|
|
|a 882-1
|2 1981
|
| 100 |
1 |
|
|a Puškin, Aleksandr Sergejevič,
|d 1799-1837
|4 aut
|9 16675
|
| 245 |
1 |
0 |
|a Bachčisarajský vodomet a Kaukazský zajatec
|c Alexander Sergejevič Puškin ; preložil Rudo Brtáň ; [obálka a ilustrácie Orest Dubay]
|
| 260 |
|
|
|a Bratislava
|b Obroda
|c 1949
|e Trnava
|f Spolok Sv. Vojtecha
|
| 300 |
|
|
|a 68, [3] s.
|b [5] obr. príl.
|c V. 8°
|
| 366 |
|
|
|e 2000 výtl.
|
| 500 |
|
|
|a Preložené z ruštiny
|
| 504 |
|
|
|a Poznámky a vysvetlivky na s. 59-68
|
| 655 |
|
7 |
|a ruská poézia
|2 SNKPH
|9 70731
|
| 655 |
|
7 |
|a epická poézia
|2 SNKPH
|9 70640
|
| 700 |
1 |
|
|a Brtáň, Rudo,
|d 1907-1998
|4 trl
|9 105140
|
| 700 |
1 |
|
|a Dubay, Orest,
|d 1919-2005
|4 ill
|9 110016
|
| 700 |
1 |
2 |
|a Puškin, Aleksandr Sergejevič,
|d 1799-1837
|t Bachčisarajskij fontan
|l Slovensky
|9 492733
|
| 700 |
1 |
2 |
|a Puškin, Aleksandr Sergejevič,
|d 1799-1837
|t Kavkazskij plennik
|l Slovensky
|9 492734
|
| 740 |
0 |
2 |
|a Kaukazský zajatec
|
| 852 |
|
|
|a Slovenská národná knižnica
|
| 954 |
|
|
|a beletria cudzojazyčná (svetová)
|2 lita
|
| 958 |
|
|
|a EUIPO
|
| 958 |
|
|
|a OND
|
| 958 |
|
|
|a RK
|
| 958 |
|
|
|a TL
|
| 999 |
|
|
|c 763111
|d 765041
|
| 952 |
|
|
|a SNK
|b SNK
|y VYP
|7 0
|p 17A0606062
|o snkSD 6465 D1
|i snkF 7546/62
|8 5
|0 0
|1 0
|4 0
|d 2009-02-18
|l 0
|r 2026-02-24 00:10:27
|w 2026-02-24
|
| 952 |
|
|
|a SNK
|b SNK
|y PREZ
|7 0
|p 17A0911889
|o snkSD 6465
|i snk6156/49
|0 0
|1 0
|4 0
|d 2019-03-07
|f 1
|l 0
|r 2025-11-14 00:00:00
|w 2026-02-24
|